MAHATMA GANDHI VOL VI (Record no. 134737)

MARC details
000 -LEADER
fixed length control field 00458nam a2200169Ia 4500
003 - CONTROL NUMBER IDENTIFIER
control field OSt
005 - DATE AND TIME OF LATEST TRANSACTION
control field 20221005122619.0
008 - FIXED-LENGTH DATA ELEMENTS--GENERAL INFORMATION
fixed length control field 211119s9999||||xx |||||||||||||| ||und||
040 ## - CATALOGING SOURCE
Transcribing agency SBCL
082 ## - DEWEY DECIMAL CLASSIFICATION NUMBER
Classification number 954.045
Item number NAY-M
100 ## - MAIN ENTRY--PERSONAL NAME
Personal name SUSHILA NAYAR
245 #0 - TITLE STATEMENT
Title MAHATMA GANDHI VOL VI
Remainder of title Salt Satyagraha, The Watershed
260 ## - PUBLICATION, DISTRIBUTION, ETC.
Name of publisher, distributor, etc. McGraw-Hill Publishing Company Limited
Place of publication, distribution, etc. New Delhi
Date of publication, distribution, etc. 2003
300 ## - PHYSICAL DESCRIPTION
Extent 482p.
650 ## - SUBJECT ADDED ENTRY--TOPICAL TERM
Topical term or geographic name entry element History
942 ## - ADDED ENTRY ELEMENTS (KOHA)
Koha item type BOOK
650 ## - SUBJECT ADDED ENTRY--TOPICAL TERM
Form subdivision Gandhi
Holdings
Withdrawn status Lost status Source of classification or shelving scheme Damaged status Not for loan Home library Current library Date acquired Cost, normal purchase price Total Checkouts Full call number Barcode Shelving location Date last seen Price effective from Koha item type
    Dewey Decimal Classification     SB LIBRARY SB LIBRARY 05/10/2022 500.00   954.045 NAY-M 00119741 PGR-GANDHIAN STUDIES 05/10/2022 05/10/2022 BOOK

Powered by Koha